| 000 | 00520nam a22002051a 4500 | ||
|---|---|---|---|
| 001 | 19279 | ||
| 003 | OSt | ||
| 005 | 20260204212447.0 | ||
| 008 | 190405s2016||||sp ||||||b||||||||||eng|| | ||
| 020 | _a9788494543777 | ||
| 082 | _a823.8 D548g | ||
| 100 | _aDickens, Charles | ||
| 245 | _aGreat expectations/Charles Dickens(1812-1870) | ||
| 264 | _aEspaña : Plutón | ||
| 300 | _a441 Páginas | ||
| 500 | _aEnglish Classic Books | ||
| 505 | _aIncluye Índice | ||
| 650 | _a1.Literatura InglesaÌ | ||
| 942 |
_2ddc _cBK |
||
| 999 |
_c19279 _d19279 |
||